On the reliability of a credit default swap contract during the EMU debt crisis
Historický kontext a motivácia.
Guardado en:
| Autor principal: | |
|---|---|
| Otros Autores: | |
| Formato: | Capítulo de libro |
| Lenguaje: | inglés |
| Materias: | |
| Etiquetas: |
Sin Etiquetas, Sea el primero en etiquetar este registro!
|
MARC
| LEADER | 00000naa a2200000 4500 | ||
|---|---|---|---|
| 001 | 0227180 | ||
| 005 | 20231010121129.8 | ||
| 041 | 0 | |a eng | |
| 044 | |a CZ | ||
| 245 | 1 | 0 | |a On the reliability of a credit default swap contract during the EMU debt crisis |c Petra Buzková, Miloš Kopa |
| 520 | |a Historický kontext a motivácia. | ||
| 610 | 2 | 0 | |a kríza finančná |
| 610 | 2 | 0 | |a riziko úverové |
| 610 | 2 | 0 | |a eurozóna |
| 610 | 2 | 0 | |a Grécko |
| 610 | 2 | 0 | |a Európska menová únia |
| 610 | 2 | 0 | |a swap |
| 100 | 1 | |a Buzková, Petra | |
| 700 | 1 | |a Kopa, Miloš | |